000 00458nam a2200193Ia 4500
003 OSt
005 20240406094721.0
008 210210b xxu||||| |||| 00| 0 eng d
040 _cAL
041 _aeng
082 _a829/1012
100 _aSOLOGUB
_9159106
245 _aTwenty Four Russian stories
260 _aBombay
_bNot Mentioned
650 _a24 Russian stories
_9159107
690 _aEnglish Fiction
_9159108
906 _a017627
942 _2ddc
_cBK
999 _c137611
_d137611